| 000 | 00771nam a2200265Ia 4500 | ||
|---|---|---|---|
| 003 | GCL | ||
| 008 | 140319s9999 xx 000 0 ara d | ||
| 040 |
_aGCL / _cGCL |
||
| 082 | 0 | 4 |
_a229.7 _bم ك |
| 100 | 1 | _aمنصور محمد حسب النبى | |
| 245 | 1 | 0 |
_aالكون والاعجاز العلمى للقران / _cمنصور محمد حسب النبى |
| 260 |
_a[S.N] : _bدار الفكر العربى ، _c1991 |
||
| 300 | _a400 ص | ||
| 490 | _a | ||
| 650 | 0 | 4 | _aالاسلام |
| 650 | 0 | 4 | _aالوحدانية |
| 650 | 0 | 4 | _aالفلك |
| 650 | 0 | 4 | _aالارض |
| 650 | 0 | 4 | _aالكون |
| 650 | 0 | 4 | _aالخلق |
| 650 | 0 | 4 | _aالكونيات |
| 650 | 0 | 4 | _aالاعجاز العلمى للقران |
| 650 | 0 | 4 | _aالقران |
| 942 |
_2ddc _cBK |
||
| 999 |
_c29385 _d29385 |
||